01268nam a22003134a 4500001001200000003000800012006001900020007001500039008004100054010001700095020002800112040002100140035002100161050002800182082002000210111008000230245013200310260003500442300002300477504004100500533015200541650003500693655002900728700002000757700001700777710001700794856012600811999001700937ebr10066744CaPaEBRm u cr cn|||||||||001130s2001 nyua sb 100 0 eng  z 00067513  z0851995179 (alk. paper) aCaPaEBRcCaPaEBR a(OCoLC)55931352814aSF768.2.S95bS96 2000eb04a636.4/089232212 aSymposium on Digestive Physiology in Pigsn(8th :d2000 :cUppsala, Sweden)10aDigestive physiology of pigsh[electronic resource] :bproceedings of the 8th Symposium /cedited by J.E. Lindberg and B. Ogle. aNew York :bCABI Pub.,cc2001. axv, 394 p. :bill. aIncludes bibliographical references. aElectronic reproduction.bPalo Alto, Calif. :cebrary,d2013.nAvailable via World Wide Web.nAccess may be limited to ebrary affiliated libraries. 0aSwinexPhysiologyvCongresses. 7aElectronic books.2local1 aLindberg, J. E.1 aOgle, Brian.2 aebrary, Inc.40uhttp://site.ebrary.com/lib/rucke/Doc?id=10066744zAn electronic book accessible through the World Wide Web; click to view c48659d48659